000 00457cam a2200145 4500500
005 20260322004625.0
041 _afre
042 _adc
100 1 0 _aToranian, Valérie
_eauthor
245 0 0 _aLe nouvel ordre médiatique
260 _c2021.
500 _a11
786 0 _nRevue des deux Mondes | Avril | 3 | 2021-04-01 | p. 4-6 | 2266-4734
856 4 1 _uhttps://shs.cairn.info/revue-revue-des-deux-mondes-2021-3-page-4?lang=fr&redirect-ssocas=7080
999 _c1741733
_d1741733